01762nam a22002297a 4500003000900000005001700009008004100026040002400067100005500091245034100146260003600487300006000523502021300583504005300796505029400849650006501143650005701208651005601265700003701321700003001358830014401388DO-SdBJH20191031230505.0171026b xxu||||| |||| 00| 0 eng d cRCAAaDO-SdBJHbspa1 aJiménez Domínguez, Félix Joséesustentante10aAnálisis de las incidencias medioambientales de los programas de desarrollo del Ministerio de Defensa para las comunidades fronterizas en la localidad Macasías Provincial Elías Piña, República Dominicana, desde el 2010 hasta el 2015 / c Félix José Jiménez Domínguez, asesores Leonel A. Muñoz Noboa, Francisco Acosta aSanto Domingo :bINSUDE, c2016 axx, 71 páginas, ilustraciones-tablas-gráficos-fotos aTesis (Especialidad en Comando y Estado Mayor Conjunto) -- Instituto Superior para la Defensa (INSUDE). -- Escuela de Graduados en Comando y Estado Mayor “General de División Gregorio Luperón”, 2016. aIncluye referencias bibliográficas e índices aProgramas de las comunidades fronterizas ejecutados en la localidad de Macasías desde el año hasta el 2015. -- Nivel socioeconómico y vulnerabilidad de Macasías. -- Análisis de la contribución de los programas de las comunidades de Macasías desde el año 2010 hasta el 2015. 4aMinisterio de Defensa -- Programa en comunidades fronterizas 4aMacasias -- Provincia Elías Piña -- Producción 4aRepública Dominicana -- Frontera y medio ambiente1 aMuñoz Noboa, Leonel A.easesor1 aAcosta, Franciscoeasesor aINSUDE. Escuela de Graduados en Comando y Estado Mayor “General de División Gregorio Luperón”. Tesis y disertaciones académicas